| 000 | 00894nam a22002657a 4500 | ||
|---|---|---|---|
| 001 | 4711 | ||
| 003 | FISKH | ||
| 005 | 20240925085208.0 | ||
| 008 | 240925b cb ||||| |||| 00| 0 eng d | ||
| 020 | _a0439063302 | ||
| 040 |
_aFISKH _beng _cFISKH _dFISKH |
||
| 050 | _aQ173.M312 | ||
| 082 | _2500 | ||
| 100 |
_aMarkle, Sandra _d1946- |
||
| 245 |
_aWeird, wacky science / _cSandra Markle Illustrated by Cecile Schoberle |
||
| 250 | _aFirst printing in 1999 | ||
| 260 |
_aNew York : _bScholastic, _c1999. |
||
| 300 |
_a70 pages : _billustrations ; _c20cm |
||
| 520 | _aPresents facts revealing some of the strange and even weird aspects of humans, animals, and general science while also suggesting experiments related to this information. | ||
| 650 |
_2Science _aKids |
||
| 650 |
_2Animals _aHuman body |
||
| 700 |
_aSchoberle, Cecile _dIllustrator |
||
| 942 |
_2ddc _cBK _n0 |
||
| 999 |
_c4711 _d4711 |
||